000 00413nam a2200157Ia 4500
008 230917s9999||||xx |||||||||||||| ||und||
040 _e80152
_aMAIN
041 _aEnglish
082 _a345.06 B15L(7)
100 _aBatuk Lal
245 0 _aLaw of evidence: The Indian Evidence Act 1872 (Act 1 of 1872)
250 _a7th ed.
260 _aAllahabad
_bCentral Law Agency
300 _axi, 340 p.
942 _cBK
999 _c198998
_d198998